| Поле | Название | Значение |
| |
Тип записи |
i |
| |
Библиографический уровень |
m |
| 001 |
Контрольный номер |
RU/IS/BASE/322136563 |
| 005 |
Дата корректировки |
20201206204718.9 |
| 010 |
Индекс ISBN |
__ |
| d |
Цена |
132-00 |
| 101 |
Язык документа |
__ |
| a |
Язык текста |
rus |
| c |
Язык оригинала |
rus |
| 200 |
Заглавие и сведения об ответственности |
1_ |
| a |
Заглавие |
Ревизор |
| e |
Сведения, относящиеся к заглавию |
[пьеса : аудиокнига] |
| f |
Первые сведения об ответственности |
Н. В. Гоголь ; читает Юрий Лазарев |
| b |
Общее обозначение материала |
Звукозапись |
| 210 |
Выходные данные |
__ |
| a |
Место издания |
М. |
| c |
Издательство |
Аудиокнига |
| d |
Дата издания |
2007 |
| 215 |
Физическое описание |
__ |
| a |
Объем |
1 электрон. опт. диск (Audio CD) (5 ч.) |
| 225 |
Серия |
__ |
| a |
Серия |
Школьная библиотека |
| 300 |
Общие примечания |
__ |
| a |
Общие примечания |
AudioCD ; MP3 ; 128 kbps ; CD-плеер с поддержкой MP3 ; Pentium-233 ; Windows 9x-XP ; CD-ROM ; звуковая карта |
| a |
Общие примечания |
Изд. в футл. |
| 323 |
Примечание о главных создателях, исполнителях, участниках |
__ |
| a |
Примечание о главных создателях, исполнителях, участниках |
Лазарев, Ю. (читает) |
| 330 |
Аннотация |
__ |
| a |
Аннотация |
Комедия, высмеивающая быт и нравы чиновничьей России 30-х годов XIX века. |
| 333 |
Примечание о целевом назначении |
__ |
| a |
Примечание о целевом назначении |
12+. Для детей старше 12 лет |
| 606 |
Тематические рубрики |
__ |
| a |
Основная рубрика |
Художественная литература |
| 606 |
Тематические рубрики |
__ |
| a |
Основная рубрика |
Русская литература XIX в. (произведения) |
| 610 |
Ключевые слова |
__ |
| a |
Ключевые слова |
пьесы; комедии; тема юмора; тема сатиры; тема чиновников; тема чиновничества; тема провинции; сатирическая литература; сатирические пьесы; драматургия; драматические произведения; классическая литература; русская классическая литература; Хлестаков; литературные герои; литературные персонажи |
| 686 |
Индексы других классификаций |
__ |
| a |
Классификационный индекс |
84(2=411.2)52-6я04; ст84(2Рос=Рус)1-6я04 |
| 700 |
Автор |
_1 |
| a |
Фамилия |
Гоголь |
| b |
Имя |
Н. В. |
| f |
Даты |
1809-1852 |
| g |
Полное личное имя |
Николай Васильевич |
| 4 |
Код отношения |
070 |
| 801 |
Источник записи |
_0 |
| a |
Страна |
RU |
| b |
Организация |
Муниципальное бюджетное учреждение культуры "Централизованная библиотечная система" г. Сургут (Центральная городская библиотека им. А. С. Пушкина) |
| g |
Правила каталогизации |
КиК/Поспелова |
| 801 |
Источник записи |
_1 |
| a |
Страна |
RU |
| b |
Организация |
Муниципальное бюджетное учреждение культуры "Централизованная библиотечная система" г. Сургут (Центральная городская библиотека им. А. С. Пушкина) |
| g |
Правила каталогизации |
КиК/Поспелова |
| 852 |
Данные о местонахождении |
__ |
| j |
Шифр хранения |
84(2=411.2)52-6я04 |
| c |
Каталожный индекс |
84(2Рос=Рус)1-6я04 |
| i |
Авторский знак |
Г 58 |
| 901 |
Тип документа |
__ |
| t |
Тип документа |
0 |
| 903 |
Характеристики (МАРС) |
__ |
| a |
Дата передачи |
20100319 |
| 969 |
Тип издания |
__ |
| a |
Тип издания |
аудиокнига |
| 990 |
Данные о заказе (DOS) |
__ |
| j |
Количество экземпляров (DOS) |
3 |
| h |
N записи в КСУ для Б/У (DOS) |
201004 |